<?xml version="1.0" encoding="UTF-8"?>
<record
    xmlns:xsi="http://www.w3.org/2001/XMLSchema-instance"
    xsi:schemaLocation="http://www.loc.gov/MARC21/slim http://www.loc.gov/standards/marcxml/schema/MARC21slim.xsd"
    xmlns="http://www.loc.gov/MARC21/slim">

  <leader>01022nam0a2200241   4500</leader>
  <controlfield tag="001">RU\NLR\BIBL_A\010967341</controlfield>
  <controlfield tag="005">20260405074638.0</controlfield>
  <datafield tag="035" ind1=" " ind2=" ">
    <subfield code="a">(NLR Aleph) 010967341</subfield>
  </datafield>
  <datafield tag="090" ind1=" " ind2=" ">
    <subfield code="a">10805387</subfield>
    <subfield code="c">10805387</subfield>
  </datafield>
  <datafield tag="100" ind1=" " ind2=" ">
    <subfield code="a">20160131d1976    |||y0rusy50      ca</subfield>
  </datafield>
  <datafield tag="101" ind1="0" ind2=" ">
    <subfield code="a">sah</subfield>
  </datafield>
  <datafield tag="102" ind1=" " ind2=" ">
    <subfield code="a">RU</subfield>
  </datafield>
  <datafield tag="105" ind1=" " ind2=" ">
    <subfield code="a">y   z   000zy</subfield>
  </datafield>
  <datafield tag="200" ind1="1" ind2=" ">
    <subfield code="a">&#x41A;&#x443;&#x441;&#x442;&#x443;&#x43A;</subfield>
    <subfield code="e">&#x43E;&#x441;&#x43A;&#x443;&#x43E;&#x43B;. &#x43A;&#x438;&#x438;&#x440;&#x438;&#x44D;&#x445;&#x442;&#x44D;&#x440;&#x438;&#x43D; &#x438;&#x43D;&#x43D;&#x438;&#x43D;&#x44D;&#x44D;&#x495;&#x438; &#x441;&#x430;&#x430;&#x441;&#x442;&#x430;&#x430;&#x445; &#x43E;&#x431;&#x43E;&#x43B;&#x43E;&#x440;. &#x430;&#x43D;&#x430;&#x43B;&#x43B;&#x430;&#x430;&#x445;</subfield>
    <subfield code="f">&#x410;. &#x415;. &#x417;&#x430;&#x445;&#x430;&#x440;&#x43E;&#x432;&#x430;, &#x41C;. &#x41F;. &#x417;&#x430;&#x445;&#x430;&#x440;&#x43E;&#x432;&#x430; &#x445;&#x43E;&#x43C;&#x443;&#x439;&#x430;&#x43D; &#x43E;&#x4A5;&#x43E;&#x440;&#x431;&#x443;&#x442;.</subfield>
  </datafield>
  <datafield tag="210" ind1=" " ind2=" ">
    <subfield code="a">&#x42F;&#x43A;&#x443;&#x442;&#x441;&#x43A;&#x430;&#x439;</subfield>
    <subfield code="c">&#x421;&#x430;&#x445;&#x430; &#x441;&#x438;&#x440;&#x438;&#x43D;&#x44D;&#x44D;&#x495;&#x438; &#x43A;&#x438;&#x43D;&#x438;&#x433;&#x44D; &#x438;&#x437;&#x434;-&#x432;&#x43E;&#x442;&#x430;</subfield>
    <subfield code="d">1976</subfield>
  </datafield>
  <datafield tag="215" ind1=" " ind2=" ">
    <subfield code="a">143,[1] c.</subfield>
    <subfield code="d">22</subfield>
  </datafield>
  <datafield tag="541" ind1="1" ind2=" ">
    <subfield code="a">&#x420;&#x430;&#x434;&#x443;&#x433;&#x430;</subfield>
    <subfield code="e">&#x443;&#x447;&#x435;&#x431;. &#x43F;&#x43E;&#x441;&#x43E;&#x431;&#x438;&#x435; &#x434;&#x43B;&#x44F; &#x44F;&#x43A;&#x443;&#x442;. &#x434;&#x435;&#x442;&#x441;&#x430;&#x434;&#x43E;&#x432;</subfield>
    <subfield code="z">rus</subfield>
  </datafield>
  <datafield tag="686" ind1="1" ind2=" ">
    <subfield code="a">&#x427;411.382</subfield>
  </datafield>
  <datafield tag="702" ind1=" " ind2="1">
    <subfield code="4">220</subfield>
    <subfield code="8">rus</subfield>
    <subfield code="7">ca</subfield>
    <subfield code="a">&#x417;&#x430;&#x445;&#x430;&#x440;&#x43E;&#x432;&#x430;</subfield>
    <subfield code="b">&#x410;.&#x415;.</subfield>
    <subfield code="c">&#x444;&#x43E;&#x43B;&#x44C;&#x43A;&#x43B;&#x43E;&#x440;&#x438;&#x441;&#x442;</subfield>
    <subfield code="g">&#x410;&#x433;&#x430;&#x444;&#x44C;&#x44F; &#x415;&#x440;&#x435;&#x43C;&#x435;&#x435;&#x432;&#x43D;&#x430;</subfield>
    <subfield code="3">RU\NLR\AUTH\7726394</subfield>
    <subfield code="9">9435</subfield>
  </datafield>
  <datafield tag="852" ind1=" " ind2=" ">
    <subfield code="a">NLR</subfield>
    <subfield code="b">&#x41E;&#x41D;&#x41B;</subfield>
    <subfield code="j">&#x42F;&#x43A;&#x443;&#x442;./3-1807</subfield>
  </datafield>
  <datafield tag="942" ind1=" " ind2=" ">
    <subfield code="c">BOOK</subfield>
  </datafield>
  <datafield tag="980" ind1=" " ind2=" ">
    <subfield code="a">NB</subfield>
  </datafield>
  <datafield tag="995" ind1=" " ind2=" ">
    <subfield code="5">2016-01-31</subfield>
    <subfield code="b">NLR01</subfield>
    <subfield code="c">NLR01</subfield>
    <subfield code="e">ONL</subfield>
    <subfield code="f">1-923603</subfield>
    <subfield code="k">&#x41E;&#x41D;&#x41B; &#x42F;&#x43A;&#x443;&#x442;./3-1807</subfield>
    <subfield code="o">0</subfield>
    <subfield code="r">BOOK</subfield>
    <subfield code="s">_31807</subfield>
  </datafield>
</record>
